Liedtext - Party Party Party - Sasha - Statistiken

Allgemein
  • Dieses Quiz wurde 73 mal gespielt
  • Das Durchschnittsergebnis liegt bei 118 aus 190
Antwortstatistiken
Textquiz % Korrekt
Party
100%
Wir
90%
wir
90%
ich
81%
machen
81%
und
80%
Und
80%
der
76%
gehen
64%
geh'n
64%
auf
61%
Die
59%
in
59%
tanzen
59%
Tanzen
59%
Nacht
58%
will
58%
fetti
56%
'ne
56%
Dann
54%
Konfetti
54%
raus
54%
den
53%
dem
47%
feiern
46%
Mitten
46%
an
44%
bis
44%
Morgen
44%
morgen
44%
für
42%
ganze
41%
heute
41%
Pause
41%
Doch
39%
nur
39%
schon
39%
werf'
39%
Keiner
37%
unter
36%
Corona
34%
hause
34%
jetzt
34%
knall'n
34%
Sektkorken
34%
Bleiben
32%
Zuhause
32%
denkt
31%
Steil
29%
vorglüh'n
25%
Moment
24%
einmal
22%
geh'n
22%
erst
20%
vorglüh'n
17%
vorvorglüh'n
17%
Keine übereinstimmenden Quizze gefunden
Verteilung der Resultate
Anzahl Personen mit jedem Resultat
Perzentil nach korrekt beantworteten Fragen
Ihre Resultats-Entwicklung
Sie haben dieses Quiz noch nicht gespielt